[Event "BEL-chT 2223"]
[Site "Belgium"]
[Date "2022.11.06"]
[Round "3.7"]
[White "Barzeele, Raf"]
[Black "Tiggelman, Rene"]
[Result "1/2-1/2"]
[WhiteElo "1885"]
[BlackElo "2144"]
[PlyCount "152"]
[EventDate "2022.09.25"]
[EventType "team-tourn"]
[EventRounds "11"]
[EventCountry "BEL"]
[SourceTitle "CBM 213 Extra"]
[Source "ChessBase"]
[SourceDate "2023.05.31"]
[SourceVersion "1"]
[SourceVersionDate "2023.05.31"]
[SourceQuality "1"]
[WhiteTeam "KBSK Brugge"]
[BlackTeam "Wetteren"]
[WhiteTeamCountry "BEL"]
[BlackTeamCountry "BEL"]

1. c4 e6 2. g3 f5 3. Bg2 Nf6 4. Nc3 d5 5. cxd5 exd5 6. Nf3 c6 7. d3 Be7 8. 0-0 0-0 9. Qb3 Qb6 10. Be3 Qxb3 11. axb3 a6 12. Na4 Nbd7 13. Rfc1 Ng4 14. Bd4 Bd6 15. e3 Nge5 16. Nxe5 Nxe5 17. Bxe5 Bxe5 18. d4 Bd6 19. Nb6 Rb8 20. Nxc8 Rbxc8 21. Rc2 Rc7 22. Ra5 Re7 23. Ra1 g5 24. Rd1 f4 25. Rd3 Rfe8 26. Re2 h5 27. gxf4 gxf4 28. Bf3 Rg7+ 29. Kh1 Re6 30. e4 dxe4 31. Rxe4 Rxe4 32. Bxe4 Re7 33. f3 Rd7 34. Kg2 Kg7 35. Kh3 Be7 36. d5 cxd5 37. Rxd5 Rxd5 38. Bxd5 b6 39. Kg2 Bf6 40. Kf2 Bxb2 41. Ke2 Kf6 42. Bc6 a5 43. Be8 Kg5 44. Kf2 Bd4+ 45. Kg2 Kh4 46. Bb5 Kg5 47. Be8 Bf6 48. Kf2 Be7 49. Kg2 h4 50. Bd7 Kf6 51. Kh3 Kg5 52. Kg2 Bb4 53. Kf1 Kf6 54. Ke2 Ke5 55. Kd3 Kd5 56. h3 Be1 57. Ke2 Bg3 58. Kd3 Kc5 59. Be8 Kb4 60. Kc2 b5 61. Kb2 Bf2 62. Bf7 Bd4+ 63. Ka2 Kc3 64. Be6 Kb4 65. Bd7 a4 66. bxa4 Kxa4 67. Be6 Kb4 68. Kb1 Kc3 69. Bd7 Kd3 70. Bf5+ Kd2 71. Bd7 Bf6 72. Be6 b4 73. Bd7 b3 74. Be6 Be7 75. Kb2 Ke3 76. Bg4 Bf6+ 1/2-1/2

[Event "Vlissingen HZ op 24th"]
[Site "Vlissingen"]
[Date "2022.08.13"]
[Round "9"]
[White "Bazilius, Augustinas"]
[Black "Tiggelman, Rene"]
[Result "1-0"]
[WhiteElo "2045"]
[BlackElo "2165"]
[PlyCount "61"]
[EventDate "2022.08.06"]
[EventType "swiss"]
[EventRounds "9"]
[EventCountry "NED"]
[SourceTitle "CBM 209 Extra"]
[Source "ChessBase"]
[SourceDate "2022.09.30"]
[SourceVersion "1"]
[SourceVersionDate "2022.09.30"]
[SourceQuality "1"]

1. d4 e6 2. c4 f5 3. Nf3 Nf6 4. g3 d5 5. Bg2 c6 6. 0-0 Bd6 7. Nc3 0-0 8. Rb1 Ne4 9. Qc2 Nd7 10. b4 b5 11. c5 Bc7 12. a4 bxa4 13. Nxa4 Ba6 14. Nb2 Bb5 15. Nd3 g5 16. Nfe5 Nxe5 17. dxe5 a5 18. f3 axb4 19. fxe4 fxe4 20. Rxf8+ Qxf8 21. Nxb4 Bxe5 22. Be3 Qg7 23. Bxe4 dxe4 24. Qxe4 Rc8 25. Nd3 Bxd3 26. exd3 Rd8 27. Qxc6 Qf6 28. Qe4 Bd4 29. Bxd4 Qxd4+ 30. Qxd4 Rxd4 31. c6 1-0

[Event "Vlissingen HZ op 24th"]
[Site "Vlissingen"]
[Date "2022.08.10"]
[Round "6"]
[White "Tiggelman, Rene"]
[Black "Van de Vreede, Jim"]
[Result "1-0"]
[WhiteElo "2165"]
[BlackElo "1990"]
[PlyCount "93"]
[EventDate "2022.08.06"]
[EventType "swiss"]
[EventRounds "9"]
[EventCountry "NED"]
[SourceTitle "CBM 209 Extra"]
[Source "ChessBase"]
[SourceDate "2022.09.30"]
[SourceVersion "1"]
[SourceVersionDate "2022.09.30"]
[SourceQuality "1"]

1. Nf3 Nf6 2. c4 c5 3. Nc3 Nc6 4. g3 d5 5. cxd5 Nxd5 6. Bg2 g6 7. d3 Bg7 8. Bd2 0-0 9. 0-0 Rb8 10. Nxd5 Qxd5 11. Bc3 Qd6 12. Bxg7 Kxg7 13. Qc2 b6 14. Rfd1 Bb7 15. Qc3+ e5 16. e3 Rfd8 17. a3 f6 18. Rab1 Rbc8 19. Ne1 Rc7 20. b3 Qe7 21. Qb2 Rd6 22. b4 cxb4 23. axb4 Nd8 24. Bxb7 Rxb7 25. Rbc1 Rc7 26. h4 Rdc6 27. Rxc6 Rxc6 28. d4 exd4 29. Rxd4 Rd6 30. Nf3 Nc6 31. Rxd6 Qxd6 32. b5 Qb4 33. Qe2 Ne5 34. Nxe5 fxe5 35. Qd3 Qc5 36. Qd7+ Kg8 37. g4 h6 38. h5 gxh5 39. gxh5 Kf8 40. Qf5+ Ke7 41. Qh7+ Kd8 42. Qxh6 Qxb5 43. Qe6 Qe8 44. Qd6+ Kc8 45. h6 Qg8+ 46. Kh2 Qg4 47. Qf8+ 1-0

[Event "Vlissingen HZ op 24th"]
[Site "Vlissingen"]
[Date "2022.08.09"]
[Round "5"]
[White "Ackermann, Frank"]
[Black "Tiggelman, Rene"]
[Result "1/2-1/2"]
[WhiteElo "2012"]
[BlackElo "2165"]
[PlyCount "123"]
[EventDate "2022.08.06"]
[EventType "swiss"]
[EventRounds "9"]
[EventCountry "NED"]
[SourceTitle "CBM 209 Extra"]
[Source "ChessBase"]
[SourceDate "2022.09.30"]
[SourceVersion "1"]
[SourceVersionDate "2022.09.30"]
[SourceQuality "1"]

1. e4 c6 2. d4 d5 3. e5 c5 4. dxc5 e6 5. Nf3 Bxc5 6. Bd3 Nc6 7. 0-0 f6 8. Qe2 fxe5 9. Nxe5 Nxe5 10. Qxe5 Nf6 11. Be3 Bd6 12. Bb5+ Kf7 13. Qc3 Rf8 14. Nd2 Kg8 15. Bc5 a6 16. Be2 Bxc5 17. Qxc5 Bd7 18. Qd6 Rc8 19. c4 Qc7 20. Qxc7 Rxc7 21. Rfe1 Rfc8 22. b3 Be8 23. Bf3 Bf7 24. g3 b5 25. cxd5 exd5 26. b4 d4 27. Bd1 Nd5 28. a3 Nb6 29. Bb3 Nc4 30. Ne4 Rd8 31. a4 Re7 32. axb5 axb5 33. f3 Kf8 34. Kf2 Bd5 35. Nc5 Ne3 36. Bxd5 Rxd5 37. Nd3 Rc7 38. Nc5 Kf7 39. Ra2 Rh5 40. h4 Rd5 41. Rc1 Nc4 42. Nd3 Re7 43. Re1 Rdd7 44. Rxe7+ Rxe7 45. Re2 Ne3 46. Rd2 Nc4 47. Re2 Ne3 48. Rd2 h5 49. Nf4 Rd7 50. Nxh5 Nc4 51. Rd3 Nb2 52. Rd2 Nc4 53. Rd3 Ne5 54. Rd1 d3 55. Nf4 d2 56. Nh3 Nc4 57. Ng5+ Ke7 58. Ne4 Rd3 59. Ke2 Re3+ 60. Kf2 Rd3 61. Ke2 Re3+ 62. Kf2 1/2-1/2

[Event "Vlissingen HZ op 24th"]
[Site "Vlissingen"]
[Date "2022.08.07"]
[Round "3"]
[White "Pham, Khoi"]
[Black "Tiggelman, Rene"]
[Result "1-0"]
[WhiteElo "2376"]
[BlackElo "2165"]
[PlyCount "83"]
[EventDate "2022.08.06"]
[EventType "swiss"]
[EventRounds "9"]
[EventCountry "NED"]
[SourceTitle "CBM 209 Extra"]
[Source "ChessBase"]
[SourceDate "2022.09.30"]
[SourceVersion "1"]
[SourceVersionDate "2022.09.30"]
[SourceQuality "1"]

1. e4 c6 2. d4 d5 3. e5 c5 4. Nf3 Nc6 5. dxc5 Bg4 6. c3 e6 7. Be3 Nge7 8. Nbd2 Nf5 9. Bd4 Nfxd4 10. cxd4 Qa5 11. Qb3 Be7 12. Qxb7 0-0 13. Qxc6 Bxf3 14. Qb5 Qxb5 15. Bxb5 Bxg2 16. Rg1 Be4 17. Nxe4 dxe4 18. Bd7 Rfd8 19. c6 Bb4+ 20. Ke2 Ba5 21. Rac1 Bc7 22. Ke3 Rdb8 23. b3 a5 24. Kxe4 Kf8 25. Rc4 g6 26. Rd1 Rb5 27. Rc5 Rb4 28. Rdc1 Ke7 29. R1c4 Rab8 30. Rxb4 Rxb4 31. Kd3 Rb8 32. Kc4 Kd8 33. Rb5 Bb6 34. f4 Kc7 35. d5 exd5+ 36. Kxd5 Ra8 37. Rxb6 Kxb6 38. Kd6 Ra7 39. Ke7 a4 40. Kxf7 Ra5 41. e6 Rf5+ 42. Kg7 1-0

[Event "Delft Prinsenstad op 11th"]
[Site "Delft"]
[Date "2018.04.01"]
[Round "5"]
[White "Dgebuadze, Alexandre"]
[Black "Tiggelman, Rene"]
[Result "1-0"]
[WhiteElo "2520"]
[BlackElo "2186"]
[PlyCount "79"]
[EventDate "2018.03.30"]
[EventType "swiss"]
[EventRounds "6"]
[EventCountry "NED"]
[SourceTitle "CBM 183 Extra"]
[Source "ChessBase"]
[SourceDate "2018.04.19"]
[SourceVersion "1"]
[SourceVersionDate "2018.04.19"]
[SourceQuality "1"]

1. Nf3 d5 2. d4 Nf6 3. c3 c6 4. Bg5 Bf5 5. Nbd2 Nbd7 6. Nh4 Bg6 7. Nxg6 hxg6 8. Qb3 Qb6 9. Bf4 Nh5 10. Be3 e6 11. g3 Bd6 12. Bg2 Nhf6 13. Nf3 Qxb3 14. axb3 a6 15. b4 Rd8 16. Bg5 e5 17. dxe5 Nxe5 18. Nd4 Rd7 19. 0-0 Nh7 20. Bf4 0-0 21. Rfd1 Rdd8 22. Nb3 Nc4 23. Nc5 Bxc5 24. bxc5 Rfe8 25. b3 Ne5 26. e4 g5 27. Bxe5 Rxe5 28. exd5 cxd5 29. c4 d4 30. Bxb7 Rxc5 31. Rxa6 Nf6 32. Ra8 Rxa8 33. Bxa8 Ra5 34. Bc6 Ra3 35. b4 d3 36. b5 Ng4 37. b6 Ne5 38. Bb5 Ra8 39. c5 Rb8 40. Bxd3 1-0

[Event "BEL-chT 1516"]
[Site "Belgium"]
[Date "2015.11.29"]
[Round "5.4"]
[White "Tiggelman, Rene"]
[Black "Fontaine, Quentin"]
[Result "1-0"]
[WhiteElo "2268"]
[BlackElo "2122"]
[PlyCount "89"]
[EventDate "2015.09.27"]
[EventType "team-tourn"]
[EventRounds "11"]
[EventCountry "BEL"]
[SourceTitle "CBM 169 Extra"]
[Source "ChessBase"]
[SourceDate "2015.12.18"]
[SourceVersion "1"]
[SourceVersionDate "2015.12.18"]
[SourceQuality "1"]
[WhiteTeam "Jean Jaures"]
[BlackTeam "Namur"]
[WhiteTeamCountry "BEL"]
[BlackTeamCountry "BEL"]

1. d4 f5 2. Nf3 Nf6 3. g3 g6 4. Bg2 Bg7 5. 0-0 0-0 6. c4 d6 7. b4 Ne4 8. Bb2 c5 9. Nfd2 Nxd2 10. Qxd2 cxb4 11. Qxb4 Nc6 12. Qd2 Bd7 13. e3 Rc8 14. Na3 Qe8 15. Rac1 g5 16. f4 Qg6 17. d5 Nd8 18. Rce1 b6 19. e4 gxf4 20. exf5 Bxf5 21. Bxg7 Qxg7 22. Rxf4 Nb7 23. Nb5 Bd7 24. Nxa7 Rxf4 25. Qxf4 Re8 26. Nc6 Nc5 27. Qe3 Bxc6 28. dxc6 e6 29. Rd1 Qg6 30. h4 Kf8 31. Rxd6 Ke7 32. Rd2 Rd8 33. Rxd8 Kxd8 34. Qe5 Kc8 35. Qd6 Qg7 36. h5 h6 37. Kh2 Qf7 38. Qd1 Kc7 39. Qg4 Qf8 40. Qg6 Kd6 41. Qh7 e5 42. a3 e4 43. Bxe4 Nxe4 44. Qd7+ Ke5 45. Qd5+ 1-0

[Event "BEL-chT 1516"]
[Site "Belgium"]
[Date "2015.09.27"]
[Round "1.5"]
[White "Polaczek, Richard"]
[Black "Tiggelman, Rene"]
[Result "1/2-1/2"]
[WhiteElo "2429"]
[BlackElo "2268"]
[PlyCount "102"]
[EventDate "2015.09.27"]
[EventType "team-tourn"]
[EventRounds "11"]
[EventCountry "BEL"]
[SourceTitle "CBM 168 Extra"]
[Source "ChessBase"]
[SourceDate "2015.10.29"]
[SourceVersion "1"]
[SourceVersionDate "2015.10.29"]
[SourceQuality "1"]
[WhiteTeam "Wirtzfeld"]
[BlackTeam "Jean Jaures"]
[WhiteTeamCountry "BEL"]
[BlackTeamCountry "BEL"]

1. d4 e6 2. Nf3 f5 3. g3 Nf6 4. Bg2 d5 5. 0-0 Bd6 6. c4 c6 7. b3 Qe7 8. Bb2 0-0 9. Nbd2 b6 10. Ne5 Bb7 11. e3 Nbd7 12. Qc2 Rac8 13. Rae1 Ne4 14. f4 Nxd2 15. Qxd2 Nxe5 16. fxe5 Bb4 17. Bc3 a5 18. Rc1 Ba6 19. Bxb4 Qxb4 20. Qxb4 axb4 21. Rfd1 Kf7 22. c5 Rb8 23. Rd2 Ke7 24. a4 bxa3 25. Ra2 bxc5 26. Rxa3 Bb5 27. Ra7+ Ke8 28. Rxg7 cxd4 29. exd4 Rf7 30. Rg8+ Rf8 31. Rg5 Kf7 32. Bf3 Rg8 33. Bh5+ Kf8 34. Rxg8+ Kxg8 35. Ra1 Bd3 36. Bd1 Rb4 37. Ra4 Rb6 38. Kf2 Ra6 39. Ke3 Bb5 40. Rxa6 Bxa6 41. Kd2 Kf7 42. Kc3 Ke7 43. Kb4 Kd7 44. Ka5 Bd3 45. Kb6 Bf1 46. Bh5 Bb5 47. Bf7 h6 48. b4 Ba4 49. Bh5 Bb5 50. Bd1 Kd8 51. Bf3 Kd7 1/2-1/2

[Event "Vlissingen HZ op 17th"]
[Site "Vlissingen"]
[Date "2013.08.05"]
[Round "4"]
[White "Tiggelman, Rene"]
[Black "Henrichs, Wenke"]
[Result "1-0"]
[WhiteElo "2285"]
[BlackElo "2055"]
[PlyCount "89"]
[EventDate "2013.08.03"]
[EventType "swiss"]
[EventRounds "9"]
[EventCountry "NED"]
[SourceTitle "CBM 155 Extra"]
[Source "ChessBase"]
[SourceDate "2013.08.26"]
[SourceVersion "1"]
[SourceVersionDate "2013.08.26"]
[SourceQuality "1"]

1. d4 e6 2. Nf3 f5 3. g3 Nf6 4. Bg2 d5 5. 0-0 Bd6 6. c4 c6 7. b3 Qe7 8. Bb2 0-0 9. Qc1 b6 10. Ba3 Bxa3 11. Qxa3 Qxa3 12. Nxa3 Nbd7 13. Rac1 Ba6 14. Rc2 Rae8 15. Rfc1 c5 16. dxc5 Nxc5 17. Ne5 Nce4 18. cxd5 exd5 19. Nc6 Nc5 20. b4 Ne6 21. Rd1 d4 22. b5 Bb7 23. Nxd4 Bxg2 24. Kxg2 Nxd4 25. Rxd4 Rc8 26. Rdc4 Rxc4 27. Nxc4 Ne4 28. Ne5 Nc5 29. Rd2 g6 30. Nc6 a6 31. bxa6 Nxa6 32. Rb2 Nc5 33. Rxb6 Kg7 34. Rb5 Ne4 35. Rb7+ Kh6 36. Ne5 Nc3 37. Nf7+ Kh5 38. h4 h6 39. Ng5 Rh8 40. Ne6 g5 41. Rb6 Rg8 42. hxg5 hxg5 43. Nd4 f4 44. Nf5 Nxe2 45. g4+ 1-0

[Event "Vlissingen HZ op 17th"]
[Site "Vlissingen"]
[Date "2013.08.04"]
[Round "2"]
[White "Tiggelman, Rene"]
[Black "Van der Werff, Frank"]
[Result "1-0"]
[WhiteElo "2285"]
[BlackElo "1983"]
[PlyCount "89"]
[EventDate "2013.08.03"]
[EventType "swiss"]
[EventRounds "9"]
[EventCountry "NED"]
[SourceTitle "CBM 155 Extra"]
[Source "ChessBase"]
[SourceDate "2013.08.26"]
[SourceVersion "1"]
[SourceVersionDate "2013.08.26"]
[SourceQuality "1"]

1. d4 Nf6 2. Nf3 e6 3. c4 b6 4. g3 Bb7 5. Bg2 Be7 6. 0-0 0-0 7. Nc3 Ne4 8. Nxe4 Bxe4 9. Ne1 Bxg2 10. Nxg2 d5 11. Qa4 dxc4 12. Qxc4 c5 13. dxc5 Bxc5 14. Be3 Nd7 15. Rfd1 Qe7 16. Rac1 Bxe3 17. Nxe3 Nf6 18. Qc7 Qxc7 19. Rxc7 Rfc8 20. Rdc1 Rxc7 21. Rxc7 Nd5 22. Nxd5 exd5 23. Kf1 g6 24. Ke1 Kg7 25. Kd2 a5 26. Rd7 b5 27. Rxd5 Rb8 28. Kd3 Kf6 29. Kd4 Ke6 30. e4 h5 31. f4 a4 32. f5+ Kf6 33. fxg6 Kxg6 34. h4 f6 35. Ke3 a3 36. bxa3 Ra8 37. Rd3 Ra4 38. Rb3 f5 39. exf5+ Kxf5 40. Rxb5+ Kg6 41. Rb3 Kf5 42. Kd2 Kg6 43. Kc3 Rg4 44. Kb2 Re4 45. Rf3 1-0

[Event "Vlissingen HZ op 16th"]
[Site "Vlissingen"]
[Date "2012.08.08"]
[Round "6"]
[White "Reisberg, Andre"]
[Black "Tiggelman, Rene"]
[Result "0-1"]
[WhiteElo "2005"]
[BlackElo "2238"]
[PlyCount "100"]
[EventDate "2012.08.04"]
[EventType "swiss"]
[EventRounds "9"]
[EventCountry "NED"]
[SourceTitle "CBM 149 Extra"]
[Source "ChessBase"]
[SourceDate "2012.08.24"]
[SourceVersion "1"]
[SourceVersionDate "2012.08.24"]
[SourceQuality "1"]

1. d4 d5 2. c4 dxc4 3. e3 Nf6 4. Bxc4 e6 5. Nf3 c5 6. 0-0 a6 7. dxc5 Qxd1 8. Rxd1 Bxc5 9. a4 b6 10. Nc3 Bb7 11. Ne5 Nbd7 12. Nxd7 Nxd7 13. b3 h5 14. Ba3 Bxa3 15. Rxa3 Rc8 16. Ne2 Ne5 17. Rc1 h4 18. h3 Ke7 19. Raa1 Rc7 20. Nd4 Rhc8 21. Rcb1 Nc6 22. Nxc6+ Rxc6 23. Rd1 R8c7 24. Rd4 g5 25. Rad1 Rc5 26. Rg4 Rd7 27. Rxd7+ Kxd7 28. Rd4+ Ke7 29. b4 Rc7 30. f4 f6 31. fxg5 fxg5 32. Rg4 Kf6 33. Kf2 e5 34. Bd3 e4 35. Bxe4 Bc8 36. Bd3 Bxg4 37. hxg4 a5 38. bxa5 bxa5 39. Bb5 Ke5 40. Kf3 Rc5 41. Be8 Rc8 42. Bb5 Rb8 43. Bd7 Kd6 44. Bf5 Rb4 45. Bc2 Ke5 46. Bd1 Kd5 47. Bc2 Kc4 48. Bd1 Kc3 49. e4 Kd4 50. Bc2 Rc4 0-1

[Event "BEL-chT 1112"]
[Site "Belgium"]
[Date "2011.12.04"]
[Round "5.2"]
[White "Van Kampen, Robin"]
[Black "Tiggelman, Rene"]
[Result "1-0"]
[WhiteElo "2529"]
[BlackElo "2208"]
[PlyCount "59"]
[EventDate "2011.10.09"]
[EventType "team-tourn"]
[EventRounds "11"]
[EventCountry "BEL"]
[SourceTitle "EXT 2013"]
[Source "ChessBase"]
[SourceDate "2012.11.22"]
[SourceVersion "1"]
[SourceVersionDate "2012.11.22"]
[SourceQuality "1"]
[WhiteTeam "Eynatten II"]
[BlackTeam "Jean Jaures"]
[WhiteTeamCountry "BEL"]
[BlackTeamCountry "BEL"]

1. e4 e6 2. d4 d5 3. Nc3 Nf6 4. Bg5 Bb4 5. e5 h6 6. Be3 Ne4 7. Qg4 g6 8. a3 Bxc3+ 9. bxc3 c5 10. Bd3 h5 11. Qh3 Nxc3 12. dxc5 Nc6 13. Nf3 d4 14. Bg5 Qa5 15. 0-0 Qxc5 16. Rfe1 Bd7 17. Qh4 Rg8 18. Nd2 Nxe5 19. Rxe5 Qxe5 20. Nc4 Qd5 21. Qf4 f5 22. Re1 b5 23. Nd6+ Kf8 24. Re5 Qa2 25. h4 Qxa3 26. Qxd4 Rg7 27. Bh6 Ke7 28. Bxg7 Bc6 29. Rxe6+ Kxe6 30. Qf6+ 1-0

[Event "Vlissingen HZ op 15th"]
[Site "Vlissingen"]
[Date "2011.08.02"]
[Round "5"]
[White "Brown, Andrew"]
[Black "Tiggelman, Rene"]
[Result "1-0"]
[WhiteElo "2202"]
[BlackElo "2233"]
[PlyCount "65"]
[EventDate "2011.07.30"]
[EventType "swiss"]
[EventRounds "9"]
[EventCountry "NED"]
[SourceTitle "CBM 143 Extra"]
[Source "ChessBase"]
[SourceDate "2011.08.29"]
[SourceVersion "1"]
[SourceVersionDate "2011.08.29"]
[SourceQuality "1"]

1. d4 e6 2. c4 d5 3. Nf3 c5 4. e3 Nf6 5. a3 Nc6 6. dxc5 Bxc5 7. b4 Be7 8. Bb2 0-0 9. Nbd2 dxc4 10. Nxc4 b5 11. Nce5 Nxe5 12. Nxe5 Bb7 13. Bxb5 Qb6 14. Qa4 Bd5 15. Bd4 Qc7 16. 0-0 Bd6 17. Rac1 Qb8 18. Nc6 Bxh2+ 19. Kh1 Qd6 20. Bc5 Bxg2+ 21. Kxg2 Qd5+ 22. f3 Qg5+ 23. Kxh2 Nh5 24. Qc2 Rad8 25. Nxd8 Rxd8 26. Qf2 Rd5 27. f4 Nxf4 28. exf4 Qg4 29. Qg3 Qh5+ 30. Kg1 g5 31. Be7 f6 32. Rc8+ Kf7 33. Be8+ 1-0

[Event "Vlissingen HZ op 15th"]
[Site "Vlissingen"]
[Date "2011.07.30"]
[Round "1"]
[White "Maas, Joop"]
[Black "Tiggelman, Rene"]
[Result "0-1"]
[WhiteElo "1841"]
[BlackElo "2233"]
[PlyCount "102"]
[EventDate "2011.07.30"]
[EventType "swiss"]
[EventRounds "9"]
[EventCountry "NED"]
[SourceTitle "CBM 143 Extra"]
[Source "ChessBase"]
[SourceDate "2011.08.29"]
[SourceVersion "1"]
[SourceVersionDate "2011.08.29"]
[SourceQuality "1"]

1. d4 Nf6 2. Nf3 c5 3. e3 e6 4. Bd3 Be7 5. Nbd2 b6 6. 0-0 Bb7 7. c3 d6 8. Qe2 0-0 9. e4 Nbd7 10. e5 Nd5 11. Ne4 cxd4 12. cxd4 dxe5 13. dxe5 Nc5 14. Nxc5 bxc5 15. Qe4 g6 16. Bh6 Qb6 17. Bxf8 Bxf8 18. Qg4 Rd8 19. Bc4 Bg7 20. Rfe1 Nb4 21. Re2 Nd3 22. Rd1 Bxf3 23. Qxf3 Nxe5 24. Rxd8+ Qxd8 25. Rxe5 Bxe5 26. Qe2 Qd4 27. g3 Qxb2 28. Qxb2 Bxb2 29. f3 Kg7 30. Kf2 Kf6 31. Ke3 Ke5 32. Kd3 Bd4 33. Ba6 Bg1 34. h3 Bf2 35. Ke2 Bxg3 36. Bb7 Kd4 37. Bc6 c4 38. Kd2 Bf4+ 39. Kc2 Be5 40. Be8 f5 41. Bf7 Kd5 42. Bg8 h6 43. Bf7 g5 44. Be8 Bd4 45. Bg6 Bf6 46. Kd2 Kd4 47. Bf7 e5 48. Bg6 c3+ 49. Kc2 e4 50. fxe4 f4 51. Bf5 Ke3 0-1

[Event "BEL-chT 0910"]
[Site "Belgium"]
[Date "2009.11.08"]
[Round "3"]
[White "Van Oosterom, Chiel"]
[Black "Tiggelman, Rene"]
[Result "1-0"]
[WhiteElo "2402"]
[BlackElo "2250"]
[PlyCount "53"]
[EventDate "2009.09.27"]
[EventType "team-tourn"]
[EventRounds "11"]
[EventCountry "BEL"]
[SourceTitle "EXT 2011"]
[Source "ChessBase"]
[SourceDate "2010.11.26"]
[SourceVersion "1"]
[SourceVersionDate "2010.11.26"]
[SourceQuality "1"]
[WhiteTeam "KGSRL"]
[BlackTeam "Jean Jaures"]
[WhiteTeamCountry "BEL"]
[BlackTeamCountry "BEL"]

1. e4 c5 2. Nf3 Nc6 3. Bb5 g6 4. c3 Bg7 5. d4 cxd4 6. cxd4 Qb6 7. Nc3 e6 8. e5 Nge7 9. 0-0 0-0 10. Bg5 h6 11. Bf4 Nf5 12. Bxc6 Qxc6 13. d5 Qc4 14. Re1 b6 15. Re4 Qc5 16. g4 Ne7 17. Be3 Qc7 18. d6 Qd8 19. dxe7 Qxe7 20. Qd2 Bb7 21. Bxh6 Bxe4 22. Nxe4 Rfc8 23. Bg5 Qf8 24. Nf6+ Kh8 25. Qf4 Bxf6 26. Bxf6+ Kh7 27. g5 1-0

[Event "Vlissingen HZ op 13th"]
[Site "Vlissingen"]
[Date "2009.08.08"]
[Round "9"]
[White "Tiggelman, Rene"]
[Black "In't Veld, Rene"]
[Result "1/2-1/2"]
[WhiteElo "2250"]
[BlackElo "2099"]
[PlyCount "155"]
[EventDate "2009.08.01"]
[EventType "swiss"]
[EventRounds "9"]
[EventCountry "NED"]
[SourceTitle "CBM 131 Extra"]
[Source "ChessBase"]
[SourceDate "2009.09.03"]
[SourceVersion "2"]
[SourceVersionDate "2009.09.16"]
[SourceQuality "1"]

1. d4 Nf6 2. Nf3 e6 3. c4 Bb4+ 4. Bd2 a5 5. g3 0-0 6. Bg2 d6 7. 0-0 Bxd2 8. Qxd2 Nbd7 9. Nc3 c6 10. Rfd1 Qe7 11. Bh3 b6 12. d5 cxd5 13. cxd5 e5 14. Nh4 g6 15. Qg5 Nc5 16. Bxc8 Rfxc8 17. Nf5 Qd8 18. f4 exf4 19. Rd4 Kf8 20. Qh6+ Ke8 21. Ng7+ Kd7 22. Qxf4 Qe7 23. Rf1 Rg8 24. Qxf6 Qxf6 25. Rxf6 Rxg7 26. Nb5 Nb7 27. Rdf4 Rf8 28. Nd4 g5 29. Rf3 Nc5 30. Ne6 Nxe6 31. dxe6+ Ke7 32. Kf2 Rg6 33. Rxf7+ Rxf7 34. Rxf7+ Kxe6 35. Rxh7 Rf6+ 36. Ke3 Rf5 37. Rh5 Rb5 38. b3 a4 39. bxa4 Rb4 40. Rxg5 Rxa4 41. Rb5 Ra3+ 42. Kf2 Ra6 43. h4 d5 44. g4 Ke5 45. Kf3 Rxa2 46. Rxb6 Ra3+ 47. e3 d4 48. Rb5+ Ke6 49. Ke4 dxe3 50. Rb6+ Kf7 51. Kf3 Kg7 52. Re6 e2+ 53. Kxe2 Rg3 54. Re4 Rh3 55. g5 Kg6 56. Rg4 Ra3 57. Kf2 Ra2+ 58. Kg3 Ra3+ 59. Kh2 Ra2+ 60. Kh3 Ra3+ 61. Rg3 Ra4 62. Rg4 Ra3+ 63. Kg2 Ra2+ 64. Kf3 Ra3+ 65. Ke2 Rh3 66. Kd2 Ra3 67. Rb4 Kh5 68. Ke2 Rc3 69. Kf2 Ra3 70. Rf4 Rb3 71. Rf3 Rb4 72. Rh3 Rb2+ 73. Ke1 Kg4 74. Ra3 Kxh4 75. g6 Rb8 76. g7 Rg8 77. Ra2 Kh5 78. Rh2+ 1/2-1/2

[Event "Vlissingen HZ op 13th"]
[Site "Vlissingen"]
[Date "2009.08.06"]
[Round "7"]
[White "Tiggelman, Rene"]
[Black "Henrichs, Thomas"]
[Result "1/2-1/2"]
[WhiteElo "2250"]
[BlackElo "2463"]
[PlyCount "228"]
[EventDate "2009.08.01"]
[EventType "swiss"]
[EventRounds "9"]
[EventCountry "NED"]
[SourceTitle "CBM 131 Extra"]
[Source "ChessBase"]
[SourceDate "2009.09.03"]
[SourceVersion "2"]
[SourceVersionDate "2009.09.16"]
[SourceQuality "1"]

1. d4 f5 2. g3 Nf6 3. Bg2 e6 4. c4 c6 5. Nh3 d6 6. Nc3 Be7 7. e4 e5 8. dxe5 dxe5 9. Qxd8+ Bxd8 10. 0-0 0-0 11. Re1 Bb6 12. Be3 Bxe3 13. fxe3 Na6 14. Rad1 Nc5 15. Nf2 a5 16. b3 Be6 17. Nd3 Nfd7 18. Nxc5 Nxc5 19. Bh3 f4 20. Bxe6+ Nxe6 21. exf4 exf4 22. gxf4 Rxf4 23. Rf1 Rg4+ 24. Kh1 Rf8 25. Rxf8+ Kxf8 26. Rd7 Nf4 27. Rd1 Nh3 28. Rf1+ Ke7 29. Na4 Kd6 30. Nc3 Ke5 31. Ne2 h5 32. Rf3 Ng5 33. Rf8 h4 34. Re8+ Kf6 35. Rf8+ Nf7 36. e5+ Ke7 37. Rb8 Nd8 38. h3 Re4 39. Ng1 Rxe5 40. Nf3 Re3 41. Kg2 Re2+ 42. Kg1 Rxa2 43. Nxh4 Rb2 44. Nf5+ Kd7 45. Nxg7 Rxb3 46. Kg2 a4 47. h4 Ne6 48. h5 Nf4+ 49. Kf2 Kc7 50. Ra8 b5 51. c5 Rh3 52. Rf8 Nxh5 53. Rf7+ Kb8 54. Ne6 a3 55. Nd4 a2 56. Nxc6+ Kc8 57. Ra7 Rh1 58. Ne7+ Kd8 59. c6 a1Q 60. c7+ Kxe7 61. Rxa1 Rh2+ 62. Kf3 Kd7 63. Rb1 Kxc7 64. Rxb5 Nf6 65. Rf5 Nd7 66. Ke4 Kd6 67. Rd5+ Ke6 68. Rb5 Rh4+ 69. Ke3 Ne5 70. Rb8 Nc4+ 71. Kd3 Nd6 72. Ra8 Rh3+ 73. Kd4 Nb5+ 74. Ke4 Rh4+ 75. Ke3 Kd5 76. Rd8+ Nd6 77. Ra8 Nf5+ 78. Kf3 Nd4+ 79. Ke3 Rh3+ 80. Kf4 Rf3+ 81. Kg4 Rf7 82. Rd8+ Ke5 83. Re8+ Ne6 84. Ra8 Ke4 85. Ra4+ Nd4 86. Kg5 Rf1 87. Kg6 Rf4 88. Kg5 Rf5+ 89. Kg6 Rb5 90. Kf6 Rd5 91. Kg6 Ke5 92. Kg5 Rb5 93. Ra8 Ne6+ 94. Kg4 Rb4+ 95. Kg3 Ng7 96. Ra5+ Kf6 97. Kf3 Nf5 98. Ra6+ Kg5 99. Ra5 Rf4+ 100. Ke2 Kg4 101. Kd3 Kf3 102. Rd5 Ng3 103. Rd8 Ne4 104. Kd4 Nd6+ 105. Kc3 Nb5+ 106. Kd3 Nc7 107. Rd6 Ne8 108. Rd8 Nf6 109. Rd6 Ng4 110. Rd8 Ne5+ 111. Kd2 Rc4 112. Rh8 Rd4+ 113. Kc3 Rd3+ 114. Kc2 Ke4 1/2-1/2